| 000 | 01568nam1a2200313 i 4500 | ||
|---|---|---|---|
| 001 | RU\NLR\bibl\261434 | ||
| 005 | 20260407072632.0 | ||
| 035 | _a(NLR Aleph) 000257074 | ||
| 090 |
_a1501047 _c1501047 |
||
| 100 | _a20020513d20019999u y0rusy50 ca | ||
| 101 | 0 | _arus | |
| 102 | _aRU | ||
| 105 | _ay ||||||||| | ||
| 200 | 1 |
_aОктябрьская революция и фабзавкомы _eМатериалы по истории фаб.-зав. комитетов _fКомис. по изуч. истории проф. движения в СССР (Истпроф ВЦСПС) _gСост. под ред. Амосова П.Н. и др. _g[Науч. ред. д.э.н., проф. Есимаса Цудзи |
|
| 205 | _a2-е изд., уточн.] | ||
| 210 |
_aТокио _cБ.и. _d2001 |
||
| 215 | _d20 | ||
| 463 | 0 | _1001240274 | |
| 606 | 0 |
_aФабрично-заводские комитеты _xИстория _z1917 _92164403 _3RU\NLR\auth\661302387 |
|
| 686 | _aТ3(2)711.19-425 | ||
| 686 | _aТ3(2)711.29-384 | ||
| 702 | 1 |
_aАмосов _bП. Н. _4340 |
|
| 702 | 1 |
_4340 _8rus _7ca _aЦудзи _bЕ. _gЕсимаса _3RU\NLR\AUTH\7714629 _9124300 |
|
| 712 | 0 | 2 |
_aВЦСПС _bКомиссия по изучению истории профессионального движения _3RU\NLR\AUTH\8810036481 _9571640 |
| 801 | 0 |
_aRU _bNLR _c20020513 _gPSBO |
|
| 801 | 1 |
_aRU _bNLR _c20020513 |
|
| 852 |
_aNLR _j2002-3/5759 |
||
| 942 | _cBOOK | ||